The state of the world's children 1997 (Record no. 2630)

MARC details
000 -LEADER
fixed length control field 006510000a22001810004500
005 - DATE AND TIME OF LATEST TRANSACTION
control field 20231128000012.0
008 - FIXED-LENGTH DATA ELEMENTS--GENERAL INFORMATION
fixed length control field 230817t1997 ||||| |||| 00| 0 eng d
020 ## - ISBN
ISBN 0192628712
082 ## - DEWEY DECIMAL CLASSIFICATION NUMBER
Classification number 362.71
Item number BEL
942 ## - ADDED ENTRY ELEMENTS (KOHA)
Item Type Reports
100 ## - MAIN ENTRY--PERSONAL NAME
Personal Name Bellamy, Carol
245 ## - TITLE STATEMENT
Title The state of the world's children 1997
260 ## - PUBLICATION, DISTRIBUTION, ETC. (IMPRINT)
Place of Publication Oxford:
Name of Publisher Oxford University press,
Date of Copyright 1997
300 ## - PHYSICAL DESCRIPTION
Extent 108 p.
Physical Details Glossary and index included
856 ## - ELECTRONIC LOCATION AND ACCESS
Uniform Resource Identifier <a href="https://www.youthpolicy.org/library/wp-content/uploads/library/1997_UNICEF_State_of_the_worlds_Children_Report_Eng.pdf">https://www.youthpolicy.org/library/wp-content/uploads/library/1997_UNICEF_State_of_the_worlds_Children_Report_Eng.pdf</a>
650 ## - SUBJECT ADDED ENTRY--TOPICAL TERM
Topical Term CHILDREN-Developing countries
650 ## - SUBJECT ADDED ENTRY--TOPICAL TERM
Topical Term Children--Health and hygiene-Developing countries
Holdings
Withdrawn status Lost status Source of classification or shelving scheme Damaged status Not for loan Permanent location Current location Date acquired Total Checkouts Full call number Barcode Date last seen Price effective from Koha item type
    Dewey Decimal Classification     Resource center, Muslim Women's Research And Action Forum Resource center, Muslim Women's Research And Action Forum 2023-08-17   362.71 BEL RAF3212 2023-08-17 2023-08-17 Reports

Copyright © 2023 Muslim Women's Research and Action Forum (MWRAF), No 27/3, Anderson Road, Kalubowila, Dehiwela. Funded by The Asia Fundation